[Event "82nd Armenian Men Championship 2022"]
[Site "Yerevan"]
[Date "2022.01.12"]
[Round "1.6"]
[White "Harutyunyan, Tigran K."]
[Black "Shahinyan, David"]
[Result "0-1"]
[WhiteElo "2552"]
[BlackElo "2486"]
[Annotator "TA"]
[PlyCount "48"]
[EventDate "2022.01.12"]
[EventType "tourn"]
[EventCountry "ARM"]
[SourceTitle "playchess.com"]
[Source "ChessBase"]
[SourceQuality "1"]

{[%evp 9,48,45,44,41,53,26,26,37,36,-70,-68,-69,-64,-64,-50,-68,-53,-63,-63,-377,-376,-399,-384,-332,-407,-367,-377,-382,-384,-393,-427,-403,-397,-670,-640,-1525,-1574,-29995,-29996,-29996,-29997]} 1. Nf3 e6 2. c4 f5 3. g3 Nf6 4. Bg2 d5 5. O-O Be7 6. b3 {A10: English Opening: Unusual Replies for Black.} Nc6 7. d4 {Inhibits e5.} Ne4 8. Bb2 {White has an edge.} h5 {[%cal Bh7h5,Bh5h4][%mdl 32] [#]} 9. h4 $146 (9. Nc3 $14) ({Predecessor:} 9. Nbd2 h4 10. e3 hxg3 11. hxg3 Bb4 12. Nxe4 fxe4 13. Ne5 Qg5 14. Qg4 Qh6 15. Qg6+ Qxg6 16. Nxg6 {0-1 (55) Moroni,L (2575)-Rapport,R (2763) Warsaw 2021}) 9... g5 $15 10. hxg5 Bxg5 11. Nxg5 Qxg5 12. Qc1 {Threatens to win with Qxg5.} Qg7 {Hoping for ...h4. Black is much more active.} 13. Qf4 h4 {[%cal Rh4g3]} 14. Nc3 $2 {[%mdl 8192]} (14. Nd2 $15) 14... Nxd4 $19 {...Nxc3 is the strong threat.} 15. Qe3 {[%cal Rc3e4] [#]} f4 $1 16. Qd3 hxg3 (16... Nc5 17. Qd2 h3 18. Nxd5 hxg2 19. Qxd4 Qxd4 20. Nxc7+ Kd8 21. Bxd4 gxf1=Q+ 22. Rxf1 Kxc7 23. Bxh8 $17) 17. fxg3 (17. Nxe4 $2 dxe4 18. Bxd4 Qh7 19. Qxg3 fxg3 $19) 17... Nxg3 {Pair of Knights!} 18. Rxf4 e5 {[%cal Be6e5,Be5d4][%mdl 32] Chess con chili.} 19. Rxd4 exd4 20. Nxd5 {[%cal Oa1f1]} c5 21. Qe3+ $2 (21. Nf6+ Kd8 22. Ne4 Nxe4 23. Qxe4) 21... Kd8 (21... dxe3 22. Bxg7 Nxe2+ 23. Kf1 Ng3+ 24. Kg1 Ne2+ 25. Kf1 $17) 22. Qd2 {[#]} Rh1+ $3 {[%mdl 512]} 23. Kf2 {[#]} (23. Bxh1 Ne4+) 23... Ne4+ $1 {[%mdl 512]} 24. Bxe4 Rh2+ {White got outplayed after the opening.  Weighted Error Value: White=1.09/Black=0.00 (flawless)} 0-1

[Event "82nd Armenian Men Championship 2022"]
[Site "Yerevan"]
[Date "2022.01.12"]
[Round "1.6"]
[White "Gharibyan, Mamikon"]
[Black "Gabuzyan, Hovhannes"]
[Result "*"]
[WhiteElo "2467"]
[BlackElo "2589"]
[Annotator "TA"]
[PlyCount "23"]
[EventDate "2022.01.12"]
[EventType "tourn"]
[EventCountry "ARM"]
[SourceTitle "playchess.com"]
[Source "ChessBase"]
[SourceQuality "1"]

{[%evp 9,23,41,45,39,56,23,28,25,18,-61,-54,-67,-48,-60,-54,-76]} 1. Nf3 e6 2. c4 f5 3. g3 Nf6 4. Bg2 d5 5. O-O Be7 6. b3 {A10: English Opening: Unusual Replies for Black.} Nc6 $5 {[%mdl 4] A promising side line.} 7. d4 {Prevents e5.} Ne4 8. Bb2 {White has an edge.} h5 {[#]} 9. h4 $146 (9. e3 $11) ({Predecessor:} 9. Nbd2 h4 10. e3 hxg3 11. hxg3 Bb4 12. Nxe4 fxe4 13. Ne5 Qg5 14. Qg4 Qh6 15. Qg6+ Qxg6 16. Nxg6 {0-1 (55) Moroni,L (2575)-Rapport,R (2763) Warsaw 2021}) 9... g5 $15 {Black is slightly better.} 10. hxg5 Bxg5 11. Nxg5 Qxg5 12. Qc1 {Black took control after the opening.  Weighted Error Value: White=0.33/Black=0.03 (flawless)} *

[Event "82nd Armenian Men Championship 2022"]
[Site "Yerevan"]
[Date "2022.01.13"]
[Round "2.1"]
[White "Pashikian, Arman"]
[Black "Gharibyan, Mamikon"]
[Result "1/2-1/2"]
[WhiteElo "2606"]
[BlackElo "2467"]
[Annotator "TA"]
[PlyCount "97"]
[EventDate "2022.01.12"]
[EventType "tourn"]
[EventCountry "ARM"]
[SourceTitle "playchess.com"]
[Source "ChessBase"]
[SourceQuality "1"]

{[%evp 19,97,18,17,-1,18,7,32,33,49,49,40,61,53,60,60,19,61,7,70,72,77,71,114,118,126,118,152,166,168,141,193,184,195,194,166,184,183,187,163,178,167,182,225,0,0,0,0,-78,65,64,47,55,57,62,110,49,64,19,18,0,12,16,6,0,0,0,0,-120,-98,-545,0,-685,0,0,0,-68,0,0,0,0]} 1. d4 Nf6 2. Nf3 e6 3. c4 b6 4. g3 Ba6 5. b3 Bb4+ 6. Bd2 Be7 7. Bg2 c6 8. O-O d5 9. Qc2 Nbd7 10. Rd1 O-O 11. Be1 {E15: Queen's Indian: 4 g3 sidelines, 4 g3 Ba6 and 4 g3 Bb7 early deviations.} Rc8 12. a4 {[%cal Ba2a4,Ba4a5][%mdl 32] [#]} Qc7 $146 ({Predecessor:} 12... c5 13. dxc5 bxc5 14. cxd5 Nxd5 15. Nc3 N7f6 16. Qb2 Qb6 17. Ne5 c4 18. Rab1 Qxb3 19. Qxb3 cxb3 20. Rxb3 Nxc3 21. Rxc3 Bxe2 {½-½ (28) Csiba,T (2234)-Solis,N ICCF email 2020}) 13. a5 {White is slightly better.} b5 {[%cal Rb5c4]} 14. c5 e5 15. dxe5 Nxe5 16. Bc3 (16. b4 {is more complex.} Nc4 17. Bc3 Rcd8 18. Nd4 Bc8 19. Nd2) 16... Nxf3+ 17. Bxf3 (17. exf3 $14 {should be considered.} b4 18. Bxb4) 17... Nd7 (17... b4 $11 18. Bxb4 Nd7) 18. Qb2 {White is more active.} (18. b4 $14) 18... f6 (18... b4 $11 19. Bxg7 Rfe8) 19. b4 $14 Ne5 20. Nd2 Rcd8 (20... Nxf3+ $142 21. Nxf3 Rce8) 21. Bg2 $16 Bc8 22. e4 $1 dxe4 23. Bxe4 (23. Nxe4 Be6 $14) 23... Bg4 24. Re1 Nd3 (24... Kh8 $16) 25. Qb3+ $18 Kh8 26. Re3 Nxf2 27. Kxf2 f5 28. Bg2 Bg5 29. Nf1 Bxe3+ 30. Nxe3 {And now Qe6 would win. Chess con chili.} Bh5 (30... Rde8 {is a better defense.}) 31. Kg1 $2 (31. Qe6 $1 $18) 31... f4 $11 32. gxf4 Qxf4 33. Kh1 (33. Re1 $1 $11 {keeps the balance.}) 33... Rde8 {[#]} (33... Bf3 $17 34. Rg1 Rg8) 34. Rf1 $1 $14 Qg5 35. Bd4 {A strong pair of Bishops.} ({Much worse is} 35. Bxc6 Rxf1+ 36. Nxf1 Qc1 $17) 35... Rxf1+ 36. Nxf1 Re1 {[#]} (36... Bg6 $1 $14) 37. Qc3 ({White should try} 37. Bf2 $1 $16 {[%cal Rf2e1]} Rc1 38. Qh3) 37... Rd1 {Hoping for ...Be2.} 38. Bg1 (38. Qe3 $1 $14 Qf5 39. Kg1) 38... h6 $11 39. Qe3 Qf6 40. Ng3 Bf7 41. Ne4 Qe5 {aiming for ...Bd5.} 42. Qc3 Qf4 {Threatens to win with ...Bd5.} 43. Qc2 {[#]} (43. Qg3 $1 $11 Qc1 44. Qf2) 43... Re1 $1 $17 44. Nd6 $2 {[%mdl 8192]} (44. Nf2 $17 {is more resistant.} Qd4 45. Qf5) 44... Qe3 $2 45. Nxf7+ $11 Kg8 {[%csl Ge1][%cal Re3g1]} 46. Nxh6+ $1 Kh8 $1 {[%csl Ge1][%cal Re3g1]} 47. Nf7+ Kg8 {[%csl Ge1][%cal Re3g1][%mdl 1024] Black has compensation.} 48. Nh6+ $1 Kh8 $1 {[%csl Ge1][%cal Re3g1]} 49. Nf7+ {Quite a comeback for White.  Weighted Error Value: White=0.39/Black=0.37} 1/2-1/2

[Event "82nd Armenian Men Championship 2022"]
[Site "Yerevan"]
[Date "2022.01.13"]
[Round "2.2"]
[White "Shahinyan, David"]
[Black "Mikaelyan, Arman"]
[Result "1/2-1/2"]
[WhiteElo "2486"]
[BlackElo "2508"]
[Annotator "TA"]
[PlyCount "119"]
[EventDate "2022.01.12"]
[EventType "tourn"]
[EventCountry "ARM"]
[SourceTitle "playchess.com"]
[Source "ChessBase"]
[SourceQuality "1"]

{[%evp 10,119,14,22,20,0,0,14,10,0,9,12,4,8,33,9,10,20,19,6,16,10,16,0,0,0,20,0,0,0,0,0,0,8,0,0,3,4,11,0,0,0,29,29,31,31,33,31,33,35,36,31,31,27,35,16,48,31,44,20,16,3,29,18,30,30,27,0,0,0,0,0,32,38,39,9,10,10,31,20,41,16,21,20,20,20,41,34,34,16,21,20,27,16,18,10,10,16,16,6,10,10,10,3,4,4,7,0,0,0,0,0]} 1. e4 c5 2. Nc3 Nc6 3. Bb5 Nd4 4. Nf3 e6 5. O-O a6 6. Bd3 Nc6 {B30: Sicilian: 2...Nc6 3 Bb5, lines without ...g6.} 7. Nd5 {7.e5 is a critical line.} Bd6 8. Ne3 Bc7 9. c3 Nf6 10. Bc2 {[#]} O-O $146 ({Predecessor:} 10... d5 11. exd5 exd5 12. d4 cxd4 13. Nxd4 O-O 14. Nef5 Re8 15. Be3 {½-½ (15) Sindarov,J (2571)-Idani,P (2627) Sharjah 2021}) 11. d4 cxd4 12. Nxd4 (12. cxd4 {with more complications.} d5 13. e5 Ne4 14. Re1 Bd7 15. Ng4) 12... b5 13. f4 Nxd4 14. cxd4 {Black should prevent e5.} ({Much weaker is} 14. Qxd4 Bb6 15. Qd1 d5 $15) 14... d5 15. e5 Ne4 16. f5 exf5 17. Nxf5 Kh8 18. Qf3 f6 19. Bxe4 dxe4 20. Qxe4 Be6 $1 21. exf6 Qxf6 {[%cal Re6f5]} 22. Ng3 Qg6 $132 {[%mdl 2048] Black is not keeping still} 23. Qxg6 hxg6 24. Rxf8+ Rxf8 25. Be3 Bxg3 26. hxg3 $11 {[%mdl 4096] Endgame KRB-KRB} Rc8 27. Rd1 Bd5 28. Rd2 Kg8 29. a3 Kf7 30. Bf4 Rc1+ 31. Kh2 Rc4 32. Be5 Be4 33. Re2 Bd5 34. g4 g5 35. Kg3 Rc6 36. Kf2 Bc4 37. Rd2 Bb3 38. d5 Bxd5 39. Bxg7 Be6 40. Bc3 Kg6 41. Kf3 Kf7 42. Ke4 Bxg4 43. Kd5 Rg6 44. Rf2+ Ke8 45. Bf6 Kd7 46. Kc5 Ke6 47. Bc3 Bf5 48. Re2+ Kd7 49. Rd2+ Ke7 50. Be5 g4 51. Bd6+ Kd7 {The position is equal.} 52. Bf4+ Kc8 53. g3 Kb7 54. Kd5 Be6+ 55. Ke5 {[#] Rd6 is the strong threat.} Bc8 56. Rh2 Rc6 57. Kd4 Kb6 58. Rh7 Rc4+ 59. Ke3 Ka5 60. Rc7 {Weighted Error Value: White=0.06 (flawless) /Black=0.05 (flawless)} 1/2-1/2

[Event "82nd Armenian Men Championship 2022"]
[Site "Yerevan"]
[Date "2022.01.13"]
[Round "2.3"]
[White "Sargsyan, Shant"]
[Black "Martirosyan, Haik M."]
[Result "1/2-1/2"]
[WhiteElo "2628"]
[BlackElo "2621"]
[Annotator "TA"]
[PlyCount "85"]
[EventDate "2022.01.12"]
[EventType "tourn"]
[EventCountry "ARM"]
[SourceTitle "playchess.com"]
[Source "ChessBase"]
[SourceQuality "1"]

{[%evp 12,85,0,15,3,0,13,0,38,0,23,15,32,36,54,54,53,52,75,74,58,14,4,10,101,104,102,100,105,97,100,99,112,113,115,111,108,81,83,81,193,182,189,146,187,179,210,212,195,219,245,234,281,281,281,281,282,64,64,64,64,64,64,20,20,20,20,16,188,188,203,0,0,0,0,0]} 1. Nf3 d5 2. d4 Nf6 3. c4 e6 4. g3 Be7 5. Bg2 O-O 6. Nc3 Nbd7 7. Qd3 a6 {7...b6 is a critical line. E06: Closed Catalan: Early deviations.} 8. Ne5 c6 9. Nxd7 {[#]} Bxd7 $146 ({Predecessor:} 9... Qxd7 10. O-O b6 11. Bf4 a5 12. Na4 Qa7 13. cxd5 Ba6 14. Qb3 b5 15. Nc5 Bxc5 16. dxc5 exd5 {1-0 (50) Pashikian,A (2599)-Safarli,E (2593) Batumi 2019}) 10. b3 b5 11. O-O Bc8 12. Rd1 bxc4 13. bxc4 a5 14. c5 e5 15. dxe5 Nd7 {[#]} 16. Nxd5 cxd5 $11 17. Qxd5 Ra6 (17... Rb8 $1 $11 {keeps the balance.}) 18. Bh3 $16 {[%cal Rh3d7]} Nb6 19. Qxd8 {White is more active.} Rxd8 20. Rxd8+ Bxd8 21. e6 $1 (21. cxb6 $2 Bxh3 22. Be3 (22. b7 $2 Rb6 $19) 22... Bxb6 $19) 21... Bxe6 22. Bxe6 ({Worse is} 22. cxb6 Bxh3 23. Be3 Bxb6 $17) 22... fxe6 23. cxb6 Rxb6 {[%mdl 4096] Endgame KRB-KRB} 24. Be3 Rb2 25. Rd1 Bb6 (25... Bf6 $16 {keeps fighting.}) 26. Bxb6 $18 Rxb6 {KR-KR} 27. Rd8+ Kf7 28. Ra8 Rb2 29. Rxa5 Rxe2 30. a4 {[%cal Ba2a4,Ba4a5][%mdl 32]} Ra2 31. Ra8 e5 32. a5 Ra1+ 33. Kg2 e4 34. h4 $2 (34. a6 $18) 34... h5 $1 $14 35. a6 {[%cal Og3g4] [#] Black must now prevent g4!} g6 $1 36. a7 {Rh8 would kill now.} Kg7 {Inhibits Rh8.} 37. g4 (37. Kh2 $14 {deserves consideration.} Ra2 38. Kg1) 37... hxg4 $11 38. Kg3 Ra4 39. Kf4 ({Weaker is} 39. Kxg4 Ra2 40. Kg5 (40. Kf4 Rxf2+ 41. Ke3 Rf3+ 42. Kxe4 Ra3 $18) 40... Kh7 $18) 39... Kh7 $1 {[%cal Oe4e3]} 40. Kxg4 e3+ 41. f4 $2 (41. Kf3 $18 exf2 42. Kxf2) 41... e2 42. Re8 Rxa7 43. Rxe2 {Weighted Error Value: White=0.26 (precise) /Black=0.16 (very precise)} 1/2-1/2

[Event "82nd Armenian Men Championship 2022"]
[Site "Yerevan"]
[Date "2022.01.13"]
[Round "2.4"]
[White "Gabuzyan, Hovhannes"]
[Black "Harutyunyan, Tigran K."]
[Result "1/2-1/2"]
[WhiteElo "2589"]
[BlackElo "2552"]
[Annotator "TA"]
[PlyCount "52"]
[EventDate "2022.01.12"]
[EventType "tourn"]
[EventCountry "ARM"]
[SourceTitle "playchess.com"]
[Source "ChessBase"]
[SourceQuality "1"]

{[%evp 16,52,1,7,11,9,14,0,0,-17,-28,-24,-18,-21,-4,-23,-18,-28,-23,-33,-33,-39,-23,-34,-24,-37,-22,-29,7,8,3,7,6,6,5,0,0,0,0]} 1. e4 e5 2. Nf3 Nc6 3. d4 exd4 4. Nxd4 Nf6 5. Nxc6 bxc6 6. Bd3 d5 7. Nc3 Bb4 8. Bd2 O-O 9. O-O Bxc3 {C47: Scotch Four Knights and Four Knights with 4 g3.} 10. Bxc3 dxe4 11. Bc4 Bf5 {[#]} 12. Qd4 $146 ({Predecessor:} 12. Re1 a5 13. Qd4 Qxd4 14. Bxd4 Nd5 15. a3 Rfd8 16. Rad1 Rd7 17. Bc5 h5 18. h3 {½-½ (39) Gabuzyan,H (2587)-Navara,D (2675) Reykjavik 2021}) 12... Qxd4 13. Bxd4 {A strong pair of Bishops.} Nd5 14. Rad1 a5 {[%cal Ba7a5,Ba5a4][%mdl 32]} 15. Rd2 a4 16. a3 Rfe8 17. h3 Nb6 18. Be2 Be6 19. Re1 Rad8 20. Bc3 Nd5 21. Be5 Ra8 {[%cal Oe6h3]} 22. c4 {The position is equal.} Nb6 23. Bxc7 Nxc4 24. Rc2 Na5 25. Bxa5 Rxa5 26. Rxc6 Rb8 {Weighted Error Value: White=0.05 (flawless) /Black=0.07 (flawless)} 1/2-1/2

[Event "82nd Armenian Men Championship 2022"]
[Site "Yerevan"]
[Date "2022.01.13"]
[Round "2.5"]
[White "Petrosyan, Manuel"]
[Black "Ter-Sahakyan, Samvel"]
[Result "1/2-1/2"]
[WhiteElo "2620"]
[BlackElo "2637"]
[Annotator "TA"]
[PlyCount "153"]
[EventDate "2022.01.12"]
[EventType "tourn"]
[EventCountry "ARM"]
[SourceTitle "playchess.com"]
[Source "ChessBase"]
[SourceQuality "1"]

{[%evp 9,153,8,6,3,13,0,6,0,4,2,0,-8,19,19,18,0,18,14,6,13,14,11,9,10,11,11,30,22,35,31,60,42,103,92,171,172,174,174,174,174,174,174,174,174,174,174,174,174,174,174,174,174,174,174,174,174,174,174,174,174,174,174,174,174,174,174,174,174,174,174,174,174,174,174,174,174,174,174,174,174,174,174,174,174,174,174,174,174,174,174,174,174,174,174,174,157,174,144,137,137,137,14,14,14,14,14,14,14,14,14,14,6,6,7,7,6,7,0,0,0,0,0,0,0,0,0,0,0,0,0,0,0,0,0,0,0,0,0,0,0,0,0,0,0,0,0]} 1. d4 d5 2. Bf4 e6 3. Nf3 Bd6 4. e3 Bxf4 5. exf4 Ne7 6. Nbd2 {D02: 1 d4 d5 2 Nf3 sidelines, including 2...Nf6 3 g3 and 2...Nf6 3 Bf4.} b6 7. c3 Qd6 8. g3 $1 {[#]} a5 $146 ({Predecessor:} 8... O-O 9. Bd3 Ba6 10. Bxa6 Nxa6 11. O-O c5 12. Qa4 b5 13. Qxb5 Rfb8 14. Qa4 Rxb2 {1-0 (50) Noroozi,O (2326)-Mosadeghpour,M (2525) Hamedan 2018}) 9. h4 Nd7 10. Ne5 Ba6 11. Bxa6 Rxa6 12. O-O Nxe5 13. fxe5 Qd7 14. h5 {[%cal Oh5h6]} h6 15. f4 c5 16. Nf3 {[%cal Bd2f3,Bf3h4,Bh4f5][%mdl 32]} a4 17. a3 Ra7 18. Qd3 Rc7 19. Rf2 Kd8 20. Nh4 Nf5 (20... cxd4 $14 21. cxd4 Qc6) 21. Nxf5 $16 c4 (21... exf5 $16 22. dxc5 Rxc5) 22. Qc2 $18 exf5 23. g4 fxg4 24. f5 f6 25. e6 Qc6 26. Rg2 Re8 27. Rxg4 Ree7 28. Rf1 {[%cal Ba1f1,Bf1f3,Bf3g3,Bg3g4][%mdl 32]} Kc8 {[%cal Bd8c8,Bc8b7,Bb7a6,Ba6b5,Bb5c6][%mdl 32]} 29. Rf3 Kb7 30. Rfg3 {[#] Threatens to win with Qg2.} Ka6 31. Qg2 {[%cal Rg4g7]} Qb7 32. Rg6 Kb5 33. R3g4 Kc6 34. Qg3 Qa7 35. Kf1 Qb7 36. Ke1 Qa7 37. Kd2 Qb7 38. Kc1 Qa7 39. Kb1 Qb7 40. Qg2 Qa7 41. Qg1 Qb7 42. Kc1 {[%cal Bb1c1,Bc1d2,Bd2e3,Be3f3,Bf3g3][%mdl 32]} Qa7 43. Qg3 Qb7 44. Qh4 Qb8 45. Qh2 {[%cal Og6g7]} Qf8 46. Qg3 Ra7 47. Kd2 Rec7 48. Ke3 Rcb7 49. Kf3 Rc7 50. Qf4 Qe8 51. Kg3 Qf8 52. Kh4 Rcb7 53. Rg2 Rc7 54. Re2 Re7 55. Rg1 {White is much more active.} (55. Re3 $16) 55... Qd8 {The position is equal.} 56. Qh2 Qf8 57. Re3 Qe8 58. Rg6 Qf8 59. Kh3 Qe8 60. Qh1 Qf8 61. Qg2 Qe8 62. Reg3 Rec7 63. Kh4 {[%cal Rg6g7]} Qf8 64. Qd2 Rcb7 65. Qd1 Rc7 66. Rg2 Rcb7 67. R6g3 Re7 68. Qg4 Rab7 69. Qf3 Ra7 70. Rg6 Rec7 71. R2g4 Rcb7 72. Kh3 {Black must now prevent Rf4.} Rc7 73. Qf4 {Hoping for Kg2.} Re7 74. Qg3 Rec7 75. Qg2 Qe8 76. Kh4 {[%cal Rg6g7]} Qf8 77. Qc2 {Black escapes into a draw.  Weighted Error Value: White=0.06 (flawless) /Black=0.05 (flawless)} 1/2-1/2

[Event "82nd Armenian Men Championship 2022"]
[Site "Yerevan"]
[Date "2022.01.13"]
[Round "2.6"]
[White "Petrosian, Tigran L."]
[Black "Andriasian, Zaven"]
[Result "0-1"]
[WhiteElo "2573"]
[BlackElo "2578"]
[Annotator "TA"]
[PlyCount "68"]
[EventDate "2022.01.12"]
[EventType "tourn"]
[EventCountry "ARM"]
[SourceTitle "playchess.com"]
[Source "ChessBase"]
[SourceQuality "1"]

{[%evp 9,68,4,6,8,8,11,12,-10,0,-6,0,5,12,0,2,7,7,-16,-13,-12,-14,-14,-5,-10,0,-6,4,-15,0,0,0,0,24,-35,-16,-52,-54,-12,-31,-57,-41,-64,-18,-15,0,-33,-9,-41,-47,-35,-40,-45,-39,-51,-36,-40,-29,-428,-431,-1311,-1120]} 1. c4 e5 2. Nc3 Nc6 3. Nf3 Nf6 4. e4 Bb4 5. d3 d6 6. a3 {A28: English Opening: Four Knights Variation.} Bc5 7. b4 Bb6 8. Na4 {The position is equal.} Bd4 {The main line 8...Bd4 scores better than 8...Bg4.} 9. Rb1 a6 10. Nxd4 Nxd4 11. Be2 b5 12. Nc3 Bb7 13. cxb5 axb5 14. O-O O-O 15. f4 {[#]} Nd7 $146 ({Predecessor:} 15... Re8 16. Bb2 Qd7 17. Qe1 Qc6 18. Kh1 h6 19. Bf3 Qb6 20. Qh4 c5 21. bxc5 Qxc5 {0-1 (33) Van Osmael,A (2403)-Necula,I ICCF email 2003}) 16. Bg4 c5 17. Ne2 Bc6 18. Kh1 Re8 19. Bb2 Nf6 {Pair of Knights!} 20. Bh3 c4 21. Nxd4 (21. Bxd4 cxd3 22. Bb2 dxe2 23. Qxe2 Nxe4 $11) (21. Ng3 $11) 21... exd4 $15 22. dxc4 ({Much worse is} 22. Bxd4 Rxa3 23. Rf3 cxd3 $17) 22... bxc4 23. Qxd4 Rxe4 24. Qd2 {[%cal Ob4b5]} Qe7 25. b5 {[#]} Bb7 (25... Re2 $1 $15 26. Qd1 (26. Bxf6 gxf6) 26... Bb7) 26. Rbe1 $11 Re8 {[%cal Re4e1,Ba8e8,Be8e2,Be2d2,Bd2d3][%mdl 32]} 27. Rxe4 (27. Bc3 $5 {[%cal Ra3a4]}) 27... Qxe4 $40 {[%mdl 128] Black attacks.} 28. a4 ({Not} 28. Qxd6 $2 Qe2 29. Qd1 Qxb2 $19) (28. Kg1 $5 {[%cal Rb2f6]}) 28... Qe2 29. Qxe2 Rxe2 30. Bd4 {And now a5 would win.} Rd2 $1 31. Bc3 Rd3 {[%csl LRc3,LRh3]} 32. Bxf6 gxf6 33. Bd7 {[%mdl 8192] [#]} (33. Kg1 $1 $11) 33... c3 $1 $19 {[%cal Bc4c3,Bc3c2][%mdl 32] Strongly threatening ...c2.} 34. Bc6 {[#]} (34. Rg1 $142 c2 35. Bf5) 34... c2 $1 {Weighted Error Value: White=0.50/Black=0.05 (flawless)} 0-1

[Event "82nd Armenian Men Championship 2022"]
[Site "Yerevan"]
[Date "2022.01.14"]
[Round "3.1"]
[White "Gharibyan, Mamikon"]
[Black "Petrosian, Tigran L."]
[Result "1-0"]
[WhiteElo "2467"]
[BlackElo "2573"]
[Annotator "TA"]
[PlyCount "67"]
[EventDate "2022.01.12"]
[EventType "tourn"]
[EventCountry "ARM"]
[SourceTitle "playchess.com"]
[Source "ChessBase"]
[SourceQuality "1"]

{[%evp 16,67,20,22,39,33,44,0,45,48,50,58,50,54,52,47,63,37,76,63,122,95,125,130,147,151,143,146,146,146,158,146,137,146,143,140,146,148,159,149,201,184,222,209,487,485,466,470,545,555,631,610,819,795]} 1. d4 f5 2. c4 Nf6 3. Nc3 g6 4. g3 Bg7 5. Bg2 O-O 6. Nh3 d6 7. d5 Na6 8. Nf4 Nc5 9. O-O g5 {A86: Dutch Defence: Leningrad System: Unusual lines and 5 Nh3.} 10. Nd3 {And now Nxc5 would win.} Nce4 11. Na4 {[#]} (11. Nxe4 $14 {feels stronger.} fxe4 12. Nb4) 11... a6 $146 (11... Qe8 $11 {might be stronger.}) ({Predecessor:} 11... Ng4 12. e3 Nh6 13. f3 Nf6 14. f4 g4 15. Nc3 {½-½ (15) Demina,J (2336)-Ilhomzoda,I (2163) St Petersburg 2010}) 12. f3 $14 b5 {[%cal Oe4g3]} 13. fxe4 fxe4 14. Nf2 {Strongly threatening Nc3.} bxa4 15. Bxg5 Qe8 16. Rb1 $36 {[%mdl 2048] White has the initiative.} Qg6 17. Bxf6 exf6 {Black is now going downhill.} (17... Qxf6 $14 18. e3 (18. Bxe4 Qd4 $14) (18. Qxa4 Rb8 $14) (18. Nxe4 Qd4+ 19. Kh1 Rxf1+ 20. Qxf1 Bg4 $11) 18... Rb8) 18. Bxe4 $16 ({And not} 18. Nxe4 Bf5 19. Rxf5 Qxf5 $15) 18... f5 19. Bc2 Qh6 {[#]} 20. Nd3 {Inhibits f4.} ({Not} 20. Bxa4 f4 $11) 20... Qe3+ 21. Kg2 Qe4+ 22. Rf3 Qxc4 23. Nf4 Bd7 24. b3 axb3 25. Bxb3 {[%cal Bc2b3,Bb3c4,Bc4d3][%mdl 32]} Qe4 26. Rc1 Rac8 27. Bc4 Bb2 (27... Bb5 $16 {keeps fighting.} 28. Bd3 Bxd3 29. exd3 Qe5) 28. Bd3 $18 Qe5 29. Rb1 {[%cal Bc1b1,Bb1b2,Bb2c2,Bc2c6][%mdl 32]} c5 $2 (29... Rce8 30. Qc2 (30. Bxa6 Bd4 $16) 30... Bc3 31. Bxa6 Ba5) 30. dxc6 {White is clearly winning.} Bxc6 31. Qb3+ Rf7 32. Rxb2 Kg7 33. Rc2 Rb7 {[#]} 34. Rxc6 $1 {Weighted Error Value: White=0.05 (flawless) /Black=0.41} 1-0